[Event "LTU ch (B16)"]
[Site "Vilnius"]
[Date "2016.03.18"]
[Round "1.1"]
[White "Kerpe, Mantas"]
[Black "Pultinevicius, Paulius"]
[Result "0-1"]
[WhiteElo "1575"]
[BlackElo "2238"]
[PlyCount "84"]
[EventDate "2016.03.18"]

1. Nf3 Nf6 2. c4 e6 3. g3 d5 4. cxd5 exd5 5. Bg2 Bd6 6. O-O O-O 7. b3 Re8 8.
Bb2 a5 9. e3 Bf5 10. d4 h6 11. Nc3 c6 12. Rc1 Nbd7 13. Re1 Ne4 14. Nxe4 Bxe4
15. Nh4 Bh7 16. Bf1 a4 17. Bd3 Bxd3 18. Qxd3 axb3 19. Qxb3 Qb6 20. Ra1 Ra5 21.
Bc3 Ra3 22. Qc2 Qa6 23. Re2 Rxc3 24. Qxc3 Qxe2 25. Qb3 Qa6 26. Rb1 b5 27. Rc1
Bf8 28. Qc3 Re6 29. Rc2 Nb6 30. Nf3 Nc4 31. Nd2 Re7 32. Nb3 Ra7 33. h4 Qc8 34.
Kh2 Ra3 35. Qe1 Bd6 36. Qc1 Qg4 37. Kg2 Qe4+ 38. Kg1 Qg6 39. Nc5 Bxc5 40. dxc5
Rd3 41. Re2 Qe4 42. Kh2 Ne5 0-1

[Event "LTU ch (B16)"]
[Site "Vilnius"]
[Date "2016.03.18"]
[Round "1.2"]
[White "Stauskas, Lukas"]
[Black "Slikas, Deividas"]
[Result "1-0"]
[WhiteElo "2122"]
[BlackElo "1435"]
[PlyCount "55"]
[EventDate "2016.03.18"]

1. d4 d5 2. Nf3 c6 3. c4 Nf6 4. Nc3 e6 5. Bg5 Nbd7 6. e3 Bd6 7. Qc2 O-O 8. Rd1
Qa5 9. Bd3 dxc4 10. Bxc4 b5 11. Bb3 Ne4 12. Qxe4 Bb7 13. O-O Qc7 14. Bf4 Nf6
15. Bxd6 Qxd6 16. Qf4 Qd7 17. e4 b4 18. Na4 Qe7 19. Nc5 Bc8 20. Bc2 a5 21. Rfe1
Re8 22. Qh4 h6 23. e5 Nd5 24. Qe4 f5 25. exf6 Qxf6 26. Qh7+ Kf8 27. Ne5 Ra7 28.
Bg6 1-0

[Event "LTU ch (B16)"]
[Site "Vilnius"]
[Date "2016.03.18"]
[Round "1.3"]
[White "Liutvinas, Rokas"]
[Black "Zukauskas, Arnas Povilas"]
[Result "0-1"]
[WhiteElo "1430"]
[BlackElo "1932"]
[PlyCount "66"]
[EventDate "2016.03.18"]

1. e4 c5 2. Nf3 e6 3. d4 cxd4 4. Nxd4 Nf6 5. Nc3 Bb4 6. Bd3 Nc6 7. Nf3 d5 8.
exd5 Nxd5 9. Bd2 O-O 10. O-O Nxc3 11. Bxc3 Bxc3 12. bxc3 Qf6 13. Qd2 Rd8 14.
Qe3 g6 15. h4 Qxc3 16. h5 Qf6 17. hxg6 hxg6 18. Qh6 Qg7 19. Qh4 b6 20. Rad1 Bb7
21. Be4 f6 22. Rfe1 Rxd1 23. Rxd1 Rd8 24. Re1 e5 25. Bxc6 Bxc6 26. Kf1 Bxf3 27.
gxf3 g5 28. Qg4 Qd7 29. Qh5 Kg7 30. Qh2 Qf5 31. Qg3 Qxc2 32. Rxe5 Rd1+ 33. Re1
Qd3+ 0-1

[Event "LTU ch (B16)"]
[Site "Vilnius"]
[Date "2016.03.18"]
[Round "1.4"]
[White "Salna, Aleksandras"]
[Black "Dolmantas, Martynas"]
[Result "1-0"]
[WhiteElo "1840"]
[BlackElo "1397"]
[PlyCount "79"]
[EventDate "2016.03.18"]

1. d4 e6 2. Nf3 d5 3. c4 Nf6 4. Nc3 h6 5. Bf4 a6 6. e3 Bb4 7. a3 Bxc3+ 8. bxc3
Nc6 9. Bd3 O-O 10. h3 dxc4 11. Bxc4 b5 12. Ba2 Bb7 13. c4 Ne7 14. O-O Ng6 15.
Bh2 Re8 16. Rc1 Rc8 17. Bb1 Be4 18. cxb5 axb5 19. Bxe4 Nxe4 20. Qd3 Nd6 21.
Bxd6 Qxd6 22. Qxb5 Qxa3 23. Rxc7 Rxc7 24. Qxe8+ Qf8 25. Qb5 Qc8 26. Kh2 Rb7 27.
Qa4 Qc7+ 28. g3 Kh7 29. h4 Ne7 30. Qd1 Qc3 31. Ne5 Ng6 32. Nxg6 fxg6 33. Qf3
Rb6 34. Qe4 h5 35. Kg2 Qc6 36. Qxc6 Rxc6 37. Rb1 Rc7 38. Rb8 Rf7 39. Re8 Rf6
40. f4 1-0

[Event "LTU ch (B16)"]
[Site "Vilnius"]
[Date "2016.03.18"]
[Round "1.5"]
[White "Kurmis, Ernestas"]
[Black "Vasiliauskas, Nerijus"]
[Result "0-1"]
[WhiteElo "1384"]
[BlackElo "1796"]
[PlyCount "78"]
[EventDate "2016.03.18"]

1. e4 Nf6 2. Nc3 d5 3. e5 Nfd7 4. d4 e6 5. Nf3 c5 6. Be3 Nc6 7. Bb5 a6 8. Bxc6
bxc6 9. dxc5 Bxc5 10. Bxc5 Nxc5 11. Qd4 Nd7 12. O-O O-O 13. b4 a5 14. a3 axb4
15. axb4 Ba6 16. Rfe1 c5 17. bxc5 Qc7 18. Na4 Bb5 19. Rec1 Bxa4 20. Rxa4 Nxe5
21. Nxe5 Rxa4 22. Qxa4 Qxe5 23. c6 h6 24. Qa6 Qb2 25. Qa1 Qb6 26. c4 Qxc6 27.
cxd5 Qxd5 28. h3 Rd8 29. Qa7 Qf5 30. Rc3 Rd1+ 31. Kh2 Qf4+ 32. Rg3 Rd3 33. f3
Rd5 34. Qa8+ Kh7 35. Qb7 h5 36. Qb1+ g6 37. Qe4 Qxe4 38. fxe4 Re5 39. Rf3 Kg7
0-1

[Event "LTU ch (B16)"]
[Site "Vilnius"]
[Date "2016.03.18"]
[Round "1.6"]
[White "Samuolis, Mantas"]
[Black "Raudys, Danielius"]
[Result "1-0"]
[WhiteElo "1785"]
[BlackElo "1372"]
[PlyCount "161"]
[EventDate "2016.03.18"]

1. d4 d6 2. c4 g6 3. Nf3 Bg7 4. g3 Nf6 5. Bg2 c6 6. Nc3 O-O 7. O-O Na6 8. a3
Nc7 9. e4 Re8 10. Re1 Nd7 11. Qc2 e5 12. d5 c5 13. b4 b6 14. Bd2 Bb7 15. h3 h6
16. Qc1 Kh7 17. g4 Rf8 18. Ra2 Ba6 19. b5 Bb7 20. Ne2 Qb8 21. Ng3 a5 22. h4 Qd8
23. Kf1 Bc8 24. Ke2 Nb8 25. Bh3 Rh8 26. Rh1 Kg8 27. Ra1 Bd7 28. h5 g5 29. Nf5
Bxf5 30. gxf5 f6 31. Rg1 Kf7 32. Rg3 Rg8 33. Qc2 Nd7 34. Rag1 Qf8 35. Bc1 Qe7
36. Be3 Ne8 37. Nd2 Rb8 38. Nb3 Ra8 39. Bd2 Qd8 40. Qd1 Ra7 41. Kd3 Ra8 42. Kc3
Ra7 43. Nc1 Ra8 44. Nd3 Rb8 45. Qg4 Ra8 46. Qf3 Rb8 47. Qe2 Qe7 48. Qg4 Rb7 49.
Rf3 Rb8 50. Bxg5 fxg5 51. f6 Nexf6 52. Qxd7 Qxd7 53. Bxd7 Ke7 54. Bf5 Rgf8 55.
Rh3 Bh8 56. Nb2 Rb7 57. Nd1 Ne8 58. Kd3 Bf6 59. Ne3 Ng7 60. Bg6 Rbb8 61. Ng4
Rh8 62. Nxf6 Rbf8 63. Ng4 Rf4 64. Ke3 Rhf8 65. Rhg3 a4 66. f3 Rh8 67. Nf2 Rhf8
68. Nd3 R4f6 69. Rg4 Kd7 70. Nf2 Ke7 71. Nh1 Kd7 72. Ke2 Kd8 73. Nf2 Ke7 74.
Nd1 Ne8 75. Ne3 Ng7 76. R4g3 Ne8 77. Nf5+ Kd7 78. Nxh6 Rh8 79. Nf5 Rg8 80. Rxg5
Rff8 81. Bxe8+ 1-0

[Event "LTU ch (B16)"]
[Site "Vilnius"]
[Date "2016.03.18"]
[Round "1.7"]
[White "Cebanauskas, Gustas"]
[Black "Bisigirskas, Paulius"]
[Result "0-1"]
[WhiteElo "1352"]
[BlackElo "1760"]
[PlyCount "113"]
[EventDate "2016.03.18"]

1. e4 c5 2. Nf3 d6 3. Nc3 Nf6 4. d4 cxd4 5. Nxd4 a6 6. Bc4 e6 7. Bg5 Be7 8. O-O
O-O 9. Bb3 b5 10. a3 Bb7 11. Bxf6 Bxf6 12. Qd3 Nd7 13. Rfe1 Ne5 14. Qe3 Qc7 15.
Rad1 Rac8 16. h3 Nc4 17. Bxc4 Qxc4 18. Nde2 Rfd8 19. Kh1 b4 20. axb4 Qxb4 21.
Rb1 Rc4 22. f3 a5 23. Qd3 Ba6 24. Qe3 a4 25. Na2 Qa5 26. c3 Qc7 27. Nb4 Bb5 28.
Ra1 Ra8 29. Rec1 Qb7 30. Qd2 Be7 31. Nd4 d5 32. Nxb5 Qxb5 33. exd5 Bxb4 34.
cxb4 exd5 35. Rd1 d4 36. b3 Rxb4 37. bxa4 Raxa4 38. Qc2 g6 39. Rxa4 Qxa4 40.
Qc8+ Kg7 41. Re1 Rc4 42. Qb8 Qc6 43. Re8 Rc1+ 44. Kh2 Qc7+ 45. Qxc7 Rxc7 46.
Rd8 Rc4 47. Kg3 Kf6 48. Kf4 Ke7 49. Rb8 Rc2 50. g3 Re2 51. Rb3 Kd6 52. g4 Kc5
53. Kg3 Kc4 54. Rb1 d3 55. f4 d2 56. Rd1 Kd3 57. Kf3 0-1

[Event "LTU ch (B16)"]
[Site "Vilnius"]
[Date "2016.03.19"]
[Round "2.1"]
[White "Pultinevicius, Paulius"]
[Black "Samuolis, Mantas"]
[Result "1-0"]
[WhiteElo "2238"]
[BlackElo "1785"]
[PlyCount "91"]
[EventDate "2016.03.18"]

1. d4 Nf6 2. c4 e6 3. Nc3 d5 4. Nf3 Be7 5. Bg5 O-O 6. e3 c6 7. Qc2 Nbd7 8. Be2
dxc4 9. Bxc4 b5 10. Bd3 h6 11. Bh4 Bb7 12. e4 b4 13. Na4 Qa5 14. O-O e5 15.
dxe5 Nxe5 16. Nxe5 Qxe5 17. f4 Qh5 18. Bxf6 Bxf6 19. e5 Bd8 20. Qc5 Qg4 21. Kh1
Re8 22. Qxb4 Rb8 23. h3 Qh5 24. Qe4 c5 25. Qh7+ Kf8 26. Be4 Bxe4 27. Qxe4 Be7
28. Qh7 f5 29. exf6 Bxf6 30. Rae1 Kf7 31. Qc2 Qd5 32. b3 Rec8 33. Re4 Bd4 34.
Qd3 Rd8 35. Rd1 Rb4 36. Re5 Qc6 37. Rxc5 Bxc5 38. Qxd8 Be7 39. Qd2 Qe4 40. Re1
Qxf4 41. Qd5+ Kf8 42. Nc5 Bxc5 43. Qd8+ Kf7 44. Qe8+ Kf6 45. Re6+ Kg5 46. Rg6+
1-0

[Event "LTU ch (B16)"]
[Site "Vilnius"]
[Date "2016.03.19"]
[Round "2.2"]
[White "Vasiliauskas, Nerijus"]
[Black "Stauskas, Lukas"]
[Result "0-1"]
[WhiteElo "1796"]
[BlackElo "2122"]
[PlyCount "44"]
[EventDate "2016.03.18"]

1. e4 c5 2. Nf3 d6 3. d4 cxd4 4. Qxd4 Nc6 5. Bb5 Bd7 6. Bxc6 bxc6 7. c4 Qb6 8.
Qd3 Nf6 9. Nc3 e5 10. O-O Be7 11. a3 O-O 12. Bg5 Rfd8 13. Rab1 Be6 14. Qe2 Qa6
15. Nd2 h6 16. Bh4 Rab8 17. h3 Rd7 18. Rfc1 Rdb7 19. Rc2 g5 20. Bg3 Nd7 21. Na2
Qa4 22. Nb4 Rxb4 0-1

[Event "LTU ch (B16)"]
[Site "Vilnius"]
[Date "2016.03.19"]
[Round "2.3"]
[White "Zukauskas, Arnas Povilas"]
[Black "Vasiliauskas, Domas"]
[Result "1-0"]
[WhiteElo "1932"]
[BlackElo "1745"]
[PlyCount "69"]
[EventDate "2016.03.18"]

1. e4 c5 2. Nc3 Nc6 3. g3 g6 4. Bg2 Bg7 5. d3 d6 6. f4 e6 7. Be3 Nge7 8. Nf3 a6
9. O-O O-O 10. Qd2 Qc7 11. Rae1 b5 12. g4 Bb7 13. g5 Nd4 14. Nd1 Rfd8 15. Nh4
f5 16. gxf6 Bxf6 17. Nf3 Nxf3+ 18. Bxf3 d5 19. Qg2 d4 20. Bd2 Bg7 21. Bg4 Qc6
22. h4 Rf8 23. h5 Bc8 24. Bf3 Ra7 25. f5 e5 26. fxg6 hxg6 27. h6 Bf6 28. Bg4
Bxg4 29. Qxg4 Raa8 30. Rf3 Kh7 31. Ref1 Ng8 32. Nf2 Qd6 33. Nh3 Nxh6 34. Ng5+
Kg7 35. Ne6+ 1-0

[Event "LTU ch (B16)"]
[Site "Vilnius"]
[Date "2016.03.19"]
[Round "2.4"]
[White "Bisigirskas, Paulius"]
[Black "Salna, Aleksandras"]
[Result "1-0"]
[WhiteElo "1760"]
[BlackElo "1840"]
[PlyCount "65"]
[EventDate "2016.03.18"]

1. d4 d5 2. Nf3 Nf6 3. c4 c6 4. Nc3 a6 5. e3 Bf5 6. Be2 e6 7. O-O Bd6 8. Ne5
Bxe5 9. dxe5 Ne4 10. Nxe4 Bxe4 11. f3 Bf5 12. Qb3 Qc7 13. f4 O-O 14. Bd2 Nd7
15. Qa3 b5 16. cxb5 cxb5 17. Rac1 Qb7 18. Ba5 Rfc8 19. Qd6 Be4 20. Bc7 Qa7 21.
Kf2 Nf8 22. Rc5 Ng6 23. g3 Re8 24. Bb6 Qb7 25. Rc7 Qb8 26. Bh5 Rd8 27. Qc5 d4
28. Ba7 Qxc7 29. Qxc7 Rac8 30. Qb6 Rc2+ 31. Be2 Rd5 32. Qb8+ Nf8 33. exd4 1-0

[Event "LTU ch (B16)"]
[Site "Vilnius"]
[Date "2016.03.19"]
[Round "2.5"]
[White "Pluta, Paulius"]
[Black "Ivanauskas, Vincas"]
[Result "1/2-1/2"]
[WhiteElo "1702"]
[BlackElo "1577"]
[PlyCount "63"]
[EventDate "2016.03.18"]

1. e4 e6 2. d4 d5 3. Nc3 Nf6 4. Bg5 Be7 5. e5 Nfd7 6. Bxe7 Qxe7 7. f4 a6 8. Nf3
c5 9. Ne2 Nc6 10. c3 cxd4 11. Nexd4 Nc5 12. g3 Qc7 13. Bg2 b5 14. Qc2 Nd7 15.
O-O Bb7 16. Kh1 Rc8 17. Nxc6 Qxc6 18. Nd4 Qb6 19. Qf2 O-O 20. Bh3 Rce8 21. Rae1
Nc5 22. Nb3 Na4 23. Qxb6 Nxb6 24. Nd4 Bc8 25. f5 exf5 26. Bxf5 Bxf5 27. Nxf5
Nc4 28. Rf2 Rxe5 29. Rxe5 Nxe5 30. Ne7+ Kh8 31. Nxd5 Rd8 32. Nf4 1/2-1/2

[Event "LTU ch (B16)"]
[Site "Vilnius"]
[Date "2016.03.19"]
[Round "2.7"]
[White "Slikas, Deividas"]
[Black "Cebanauskas, Gustas"]
[Result "1-0"]
[WhiteElo "1435"]
[BlackElo "1352"]
[PlyCount "83"]
[EventDate "2016.03.18"]

1. d4 d5 2. Nf3 Nf6 3. c4 e6 4. Nc3 Be7 5. e3 O-O 6. Bd3 dxc4 7. Bxc4 b6 8. O-O
Bb7 9. Ne5 Nbd7 10. f4 Nxe5 11. fxe5 Ne4 12. Bd3 Nxc3 13. bxc3 Bg5 14. e4 Bxc1
15. Qxc1 Qe7 16. c4 Rad8 17. Qc3 Qd7 18. d5 h6 19. Rad1 a5 20. Qb3 Qe7 21. Qb2
Rfe8 22. Rfe1 Qc5+ 23. Kh1 Ba6 24. Rc1 Qe7 25. Qc3 Rf8 26. Bc2 Qc5 27. Ba4 Qf2
28. Rc2 Qh4 29. Qe3 exd5 30. cxd5 Qe7 31. e6 fxe6 32. dxe6 Kh8 33. Bd7 c5 34.
Qb3 Rb8 35. Qd5 Bc8 36. Rd2 Bxd7 37. exd7 Rf7 38. e5 Rd8 39. e6 Rf4 40. Qd6 Qf6
41. Rdd1 Rf2 42. e7 1-0

[Event "LTU ch (B16)"]
[Site "Vilnius"]
[Date "2016.03.19"]
[Round "2.8"]
[White "Raudys, Danielius"]
[Black "Liutvinas, Rokas"]
[Result "1/2-1/2"]
[WhiteElo "1372"]
[BlackElo "1430"]
[PlyCount "91"]
[EventDate "2016.03.18"]

1. c4 g6 2. Nc3 Bg7 3. d4 d6 4. Nf3 Nd7 5. e3 c6 6. Be2 Ngf6 7. O-O O-O 8. h3
b6 9. a3 d5 10. Bd3 dxc4 11. Bxc4 b5 12. Bd3 a6 13. Ng5 Qb6 14. Bd2 h6 15. Nge4
Nxe4 16. Bxe4 f5 17. Bf3 e5 18. dxe5 Nxe5 19. Rb1 Nxf3+ 20. Qxf3 Qc7 21. Rfd1
Kh7 22. Ne2 g5 23. Qg3 Qf7 24. Qd6 f4 25. exf4 Bf5 26. Rbc1 Bxb2 27. Rxc6 Qg6
28. Qxg6+ Bxg6 29. Bb4 Rfe8 30. Rd7+ Kh8 31. Rxg6 Rxe2 32. Rxh6+ Kg8 33. fxg5
a5 34. Bc5 Rc8 35. Bd4 Bxd4 36. Rxd4 Rc1+ 37. Kh2 Rxf2 38. Ra6 Rcc2 39. Rg4 a4
40. Rf6 Rxf6 41. gxf6+ Kf7 42. Rg3 Kxf6 43. Re3 Rb2 44. Re1 Rb3 45. Ra1 Kg5 46.
Rd1 1/2-1/2

[Event "LTU ch (B16)"]
[Site "Vilnius"]
[Date "2016.03.19"]
[Round "3.1"]
[White "Zukauskas, Arnas Povilas"]
[Black "Pultinevicius, Paulius"]
[Result "1/2-1/2"]
[WhiteElo "1932"]
[BlackElo "2238"]
[PlyCount "71"]
[EventDate "2016.03.18"]

1. e4 e5 2. Nf3 Nc6 3. Bc4 Nf6 4. d3 Be7 5. O-O d6 6. h3 O-O 7. Nc3 Na5 8. Bb3
Nxb3 9. axb3 c6 10. d4 Qc7 11. Qe2 Re8 12. Rd1 h6 13. Be3 b6 14. b4 Bf8 15. d5
cxd5 16. Nxd5 Nxd5 17. exd5 f5 18. Ne1 Bd7 19. Ra3 Rec8 20. f4 Re8 21. Qf1 exf4
22. Bxf4 Re4 23. Bd2 Be7 24. Bc3 Bg5 25. Nf3 Be3+ 26. Kh1 Rae8 27. Qd3 f4 28.
Rda1 b5 29. Nd4 Bxd4 30. Bxd4 Bf5 31. Kh2 Qf7 32. Rxa7 R4e7 33. Qxb5 Qg6 34.
Rxe7 Rxe7 35. Qf1 Bxc2 36. Qxf4 1/2-1/2

[Event "LTU ch (B16)"]
[Site "Vilnius"]
[Date "2016.03.19"]
[Round "3.2"]
[White "Stauskas, Lukas"]
[Black "Bisigirskas, Paulius"]
[Result "1-0"]
[WhiteElo "2122"]
[BlackElo "1760"]
[PlyCount "79"]
[EventDate "2016.03.18"]

1. d4 d5 2. Nc3 Nf6 3. Bg5 e6 4. e4 dxe4 5. Nxe4 Be7 6. Bxf6 Bxf6 7. Nf3 O-O 8.
Qd2 b6 9. O-O-O Bb7 10. Qf4 Nd7 11. Bd3 Be7 12. Rhe1 Nf6 13. c4 Nxe4 14. Bxe4
Bxe4 15. Qxe4 Bb4 16. Re2 Qf6 17. c5 bxc5 18. a3 Ba5 19. dxc5 c6 20. Ne5 Bc7
21. f4 Bxe5 22. Qxe5 Qxe5 23. fxe5 Rfc8 24. Rd7 a5 25. Rf2 Rf8 26. Rc7 Rac8 27.
Rfxf7 Rxc7 28. Rxc7 Rf4 29. Rxc6 Kf7 30. Kd2 a4 31. Kc3 Rf1 32. Rd6 Rc1+ 33.
Kb4 Rc2 34. c6 Kg6 35. Kxa4 Rxb2 36. Rd4 Rb8 37. c7 Rc8 38. Rc4 Kf5 39. Kb5
Kxe5 40. Kb6 1-0

[Event "LTU ch (B16)"]
[Site "Vilnius"]
[Date "2016.03.19"]
[Round "3.3"]
[White "Salna, Aleksandras"]
[Black "Pluta, Paulius"]
[Result "1-0"]
[WhiteElo "1840"]
[BlackElo "1702"]
[PlyCount "141"]
[EventDate "2016.03.18"]

1. Nf3 d5 2. d4 c6 3. c4 dxc4 4. e3 Be6 5. a4 b5 6. axb5 cxb5 7. Nc3 Qb6 8. Ng5
b4 9. Na4 Qd6 10. Nxe6 Qxe6 11. Nc5 Qc6 12. Be2 Nf6 13. O-O e6 14. Bxc4 Bxc5
15. dxc5 O-O 16. b3 Qxc5 17. Bb2 a5 18. Bxf6 gxf6 19. Qf3 Nd7 20. Rfd1 Ne5 21.
Qxf6 Nxc4 22. bxc4 Qf5 23. Qd4 Rfb8 24. e4 e5 25. Qd5 Qe6 26. Rxa5 Qxd5 27.
Raxd5 b3 28. Rb1 b2 29. f3 Ra1 30. Rdd1 Rxb1 31. Rxb1 Kf8 32. Kf2 Ke7 33. Ke2
Kd6 34. Kd2 Kc5 35. Kc3 Rb7 36. Rxb2 Rxb2 37. Kxb2 Kxc4 38. Kc2 Kd4 39. Kd2 h5
40. h4 f6 41. Ke2 Kc3 42. g4 hxg4 43. h5 gxf3+ 44. Kxf3 Kd3 45. h6 f5 46. exf5
e4+ 47. Kf4 e3 48. h7 e2 49. h8=Q e1=Q 50. Qd8+ Kc4 51. Qc8+ Kb5 52. Qd7+ Kc5
53. f6 Qh4+ 54. Ke5 Qg3+ 55. Ke6 Qg4+ 56. Ke7 Qe4+ 57. Kf8 Qa8+ 58. Qe8 Qh1 59.
Qe5+ Kc4 60. f7 Qh6+ 61. Kg8 Qg6+ 62. Qg7 Qe6 63. Kh8 Qh3+ 64. Qh7 Qc8+ 65. Kg7
Qg4+ 66. Qg6 Qd4+ 67. Kh7 Qh4+ 68. Kg8 Kb5 69. f8=Q Qc4+ 70. Qff7 Qc8+ 71. Qe8+
1-0

[Event "LTU ch (B16)"]
[Site "Vilnius"]
[Date "2016.03.19"]
[Round "3.4"]
[White "Kerpe, Mantas"]
[Black "Vasiliauskas, Nerijus"]
[Result "1/2-1/2"]
[WhiteElo "1575"]
[BlackElo "1796"]
[PlyCount "79"]
[EventDate "2016.03.18"]

1. Nf3 Nf6 2. c4 c6 3. Nc3 d5 4. cxd5 cxd5 5. d4 Nc6 6. Bf4 Nh5 7. Bd2 e6 8. g3
Nf6 9. Bg2 Bb4 10. a3 Ba5 11. O-O O-O 12. e3 a6 13. Na4 Bxd2 14. Qxd2 Ne4 15.
Qe2 Qa5 16. Qc2 Bd7 17. b4 Nxd4 18. Nxd4 Qxa4 19. Bxe4 dxe4 20. Qxe4 b6 21.
Rfc1 a5 22. bxa5 Rxa5 23. Qb7 e5 24. Nc6 Bxc6 25. Rxc6 b5 26. Rc5 Qb3 27. Qd5
Qxd5 28. Rxd5 f6 29. Kf1 Rc8 30. Rb1 Rxa3 31. Rdxb5 Rc2 32. R5b2 Rxb2 33. Rxb2
Kf7 34. Kg2 g5 35. h3 h5 36. Kf3 Kg6 37. Rb4 Ra6 38. g4 hxg4+ 39. hxg4 Rc6 40.
Ra4 1/2-1/2

[Event "LTU ch (B16)"]
[Site "Vilnius"]
[Date "2016.03.19"]
[Round "3.5"]
[White "Samuolis, Mantas"]
[Black "Slikas, Deividas"]
[Result "1/2-1/2"]
[WhiteElo "1785"]
[BlackElo "1435"]
[PlyCount "95"]
[EventDate "2016.03.18"]

1. e4 e5 2. Nf3 Nc6 3. Bb5 a6 4. Ba4 Nf6 5. O-O Be7 6. Re1 d6 7. c3 O-O 8. d3
b5 9. Bc2 Bg4 10. h3 Bh5 11. Nbd2 Na5 12. Nf1 c5 13. Ng3 Bg6 14. Nh4 Qd7 15.
Nhf5 Nc6 16. Bg5 Nd8 17. Bxf6 Bxf6 18. Qg4 Ne6 19. Bb3 Rad8 20. Rad1 Nf4 21.
Ne3 Qxg4 22. hxg4 Bg5 23. Ngf5 Kh8 24. Kh2 h5 25. Rh1 hxg4 26. Kg3+ Bh5 27.
Nxg4 g6 28. Kf3 gxf5 29. exf5 Kg7 30. g3 Rh8 31. gxf4 Bxf4 32. Rhg1 Rdg8 33.
Ke4 Kf8 34. f3 Bxg4 35. fxg4 Rh4 36. Kd5 Ke7 37. f6+ Kxf6 38. Kxd6 e4+ 39. Kd5
exd3 40. Rxd3 c4 41. Rf3 Rhxg4 42. Rxg4 Rxg4 43. Bc2 Kg5 44. Rf2 f6 45. Kc6 Kh4
46. Bf5 Bg3 47. Rf1 Rf4 48. Rxf4+ 1/2-1/2

[Event "LTU ch (B16)"]
[Site "Vilnius"]
[Date "2016.03.19"]
[Round "3.6"]
[White "Vasiliauskas, Domas"]
[Black "Dolmantas, Martynas"]
[Result "1-0"]
[WhiteElo "1745"]
[BlackElo "1397"]
[PlyCount "93"]
[EventDate "2016.03.18"]

1. Nf3 d5 2. g3 Nf6 3. Bg2 Nc6 4. O-O Bf5 5. d3 e5 6. Nc3 d4 7. Nb1 h6 8. c3
Rb8 9. Qa4 Qd7 10. Nbd2 a6 11. a3 Bc5 12. c4 O-O 13. b4 Bd6 14. Bb2 Rfe8 15. c5
Bf8 16. Ne1 e4 17. dxe4 Nxe4 18. Nxe4 Bxe4 19. Nf3 Rbd8 20. Rfd1 Bxf3 21. Bxf3
Qe6 22. Bxc6 Qxc6 23. Qxc6 bxc6 24. Kf1 g6 25. Bxd4 Rxd4 26. Rxd4 Bg7 27. Rad1
Bxd4 28. Rxd4 Kf8 29. e4 Ke7 30. f3 Rf8 31. Kf2 f5 32. exf5 Rxf5 33. Re4+ Kf7
34. Rf4 Rxf4 35. gxf4 Ke6 36. Kg3 h5 37. Kf2 Kf6 38. Ke3 Kf5 39. h4 Kf6 40. Ke4
Ke6 41. f5+ gxf5+ 42. Kf4 Kf6 43. a4 Ke6 44. Kg5 Kd5 45. Kxh5 Kc4 46. Kg5 Kxb4
47. h5 1-0

[Event "LTU ch (B16)"]
[Site "Vilnius"]
[Date "2016.03.19"]
[Round "3.7"]
[White "Ivanauskas, Vincas"]
[Black "Kurmis, Ernestas"]
[Result "0-1"]
[WhiteElo "1577"]
[BlackElo "1384"]
[PlyCount "80"]
[EventDate "2016.03.18"]

1. c4 e5 2. Nc3 Nf6 3. d3 h6 4. g3 d5 5. b3 d4 6. Nb5 Bd7 7. Bg2 a6 8. Na3 Bb4+
9. Bd2 Bxa3 10. b4 a5 11. b5 c6 12. Qb3 Bc5 13. a4 b6 14. Rb1 Ra7 15. Nf3 Qc7
16. Nxe5 O-O 17. Nxd7 Nfxd7 18. O-O Bd6 19. e3 dxe3 20. Bxe3 c5 21. d4 Nf6 22.
dxc5 Bxc5 23. Bf4 Bd6 24. Be3 Nbd7 25. Rfd1 Nc5 26. Bxc5 Bxc5 27. Bc6 Rd8 28.
Rxd8+ Qxd8 29. Rd1 Qc8 30. Qf3 Re7 31. Kg2 Qe6 32. Qf4 Qe5 33. Qd2 Qe2 34. Qd8+
Kh7 35. Qd3+ Qxd3 36. Rxd3 Re2 37. Rf3 Ra2 38. Rf5 Rxa4 39. Rxc5 bxc5 40. b6
Rxc4 0-1

[Event "LTU ch (B16)"]
[Site "Vilnius"]
[Date "2016.03.19"]
[Round "3.9"]
[White "Cebanauskas, Gustas"]
[Black "Raudys, Danielius"]
[Result "0-1"]
[WhiteElo "1352"]
[BlackElo "1372"]
[PlyCount "88"]
[EventDate "2016.03.18"]

1. e4 d6 2. Nc3 g6 3. Bc4 Bg7 4. d3 Nc6 5. Be3 a6 6. h3 Na5 7. Bb3 Nxb3 8. axb3
Nf6 9. Nf3 O-O 10. O-O Bd7 11. Qd2 Ne8 12. Bh6 Nf6 13. Bxg7 Kxg7 14. Qg5 e5 15.
Qe3 Be6 16. Ng5 Bd7 17. f4 exf4 18. Qxf4 Nh5 19. Qe3 Bc6 20. Rf2 Bd7 21. Nd5 h6
22. Nf3 Be6 23. Nc3 Qe8 24. Nh2 c5 25. Raf1 Kh7 26. Ng4 Bxg4 27. hxg4 Ng7 28.
Nd5 f5 29. Nc7 Qd8 30. Nxa8 Qxa8 31. gxf5 gxf5 32. exf5 Qd8 33. Qe4 d5 34. f6+
dxe4 35. fxg7 Rxf2 36. Rxf2 Kxg7 37. dxe4 Qd1+ 38. Kh2 Qd4 39. Re2 Qxb2 40. e5
Kf7 41. e6+ Ke7 42. g3 c4 43. bxc4 Qc3 44. c5 Qxc5 0-1

[Event "LTU ch (B16)"]
[Site "Vilnius"]
[Date "2016.03.20"]
[Round "4.1"]
[White "Pultinevicius, Paulius"]
[Black "Stauskas, Lukas"]
[Result "0-1"]
[WhiteElo "2238"]
[BlackElo "2122"]
[PlyCount "92"]
[EventDate "2016.03.18"]

1. d4 Nf6 2. Nf3 d5 3. e3 c6 4. Bd3 Bg4 5. O-O Nbd7 6. Nbd2 e6 7. c4 Bd6 8. b3
O-O 9. Bb2 Qe7 10. Re1 Bf5 11. Qc2 Bxd3 12. Qxd3 Rfd8 13. e4 dxe4 14. Nxe4 Nxe4
15. Qxe4 Nf6 16. Qc2 Ba3 17. Rad1 Bxb2 18. Qxb2 Rd6 19. Qa3 a6 20. Re5 Rad8 21.
Rde1 Qc7 22. b4 h6 23. h3 Nd7 24. R5e4 Nf8 25. Qe3 Ng6 26. h4 Ne7 27. Qf4 Ng6
28. Qe3 Ne7 29. Qf4 Ng6 30. Qe3 Ne7 31. g4 b5 32. c5 Rd5 33. h5 R5d7 34. Ne5
Nd5 35. Qa3 Nf6 36. Nxd7 Nxe4 37. Rxe4 Qxd7 38. Qxa6 Qd5 39. f3 f5 40. gxf5
exf5 41. Rf4 Qe6 42. Qa3 Qe1+ 43. Kg2 Re8 44. Qb3+ Kh7 45. Rxf5 Re2+ 46. Kh3
Qg1 0-1

[Event "LTU ch (B16)"]
[Site "Vilnius"]
[Date "2016.03.20"]
[Round "4.2"]
[White "Bisigirskas, Paulius"]
[Black "Zukauskas, Arnas Povilas"]
[Result "1/2-1/2"]
[WhiteElo "1760"]
[BlackElo "1932"]
[PlyCount "77"]
[EventDate "2016.03.18"]

1. d4 Nf6 2. c4 g6 3. Nc3 Bg7 4. e4 d6 5. f3 O-O 6. Be3 c6 7. Qd2 e5 8. d5 cxd5
9. cxd5 Ne8 10. g4 f5 11. gxf5 gxf5 12. O-O-O f4 13. Bf2 Nd7 14. h4 Nb6 15. h5
Bd7 16. h6 Bf6 17. Bd3 Rc8 18. Kb1 Nc4 19. Bxc4 Rxc4 20. Nge2 b5 21. Rdg1+ Kh8
22. Qe1 a5 23. Bh4 b4 24. Nd1 Bb5 25. Bxf6+ Nxf6 26. Qh4 Rc7 27. Nc1 Rg8 28.
Rxg8+ Kxg8 29. Nf2 Qf8 30. Nh3 Nd7 31. Rg1+ Kh8 32. Rg7 Qc8 33. Rxh7+ Kxh7 34.
Qe7+ Kxh6 35. Qh4+ Kg7 36. Qe7+ Kg6 37. Qg5+ Kf7 38. Qh5+ Ke7 39. Qh7+ 1/2-1/2

[Event "LTU ch (B16)"]
[Site "Vilnius"]
[Date "2016.03.20"]
[Round "4.3"]
[White "Kurmis, Ernestas"]
[Black "Salna, Aleksandras"]
[Result "0-1"]
[WhiteElo "1384"]
[BlackElo "1840"]
[PlyCount "104"]
[EventDate "2016.03.18"]

1. e4 e6 2. d4 d5 3. exd5 exd5 4. Nf3 Bd6 5. Bd3 Ne7 6. O-O Bg4 7. Be3 c6 8.
Nbd2 Nd7 9. c3 Qc7 10. Qc2 O-O-O 11. b4 f5 12. Bg5 g6 13. h3 Bxf3 14. Bxe7 Bxe7
15. Nxf3 Rde8 16. Rfe1 Bd6 17. Rxe8+ Rxe8 18. Re1 Rxe1+ 19. Nxe1 Nf6 20. Qe2
Ne4 21. Bxe4 fxe4 22. f3 Bh2+ 23. Kh1 Qf4 24. fxe4 dxe4 25. Nd3 Qf5 26. Nc5 Bc7
27. Nxe4 Qf4 28. g3 Qc1+ 29. Kh2 b6 30. Qf2 Kb7 31. h4 h6 32. Kg2 Qa3 33. Qc2
a5 34. bxa5 Qxa5 35. Qb3 g5 36. hxg5 hxg5 37. Nc5+ Ka7 38. Ne6 b5 39. Nxg5 b4
40. Ne6 Bd6 41. c4 Qf5 42. c5 Qe4+ 43. Kf2 Qf5+ 44. Kg2 Qe4+ 45. Kh3 Qh1+ 46.
Kg4 Qe4+ 47. Kg5 Be7+ 48. Kh6 Qf5 49. Qa4+ Kb7 50. Qxb4+ Kc8 51. Qd2 Qxe6+ 52.
Kh5 Qf5+ 0-1

[Event "LTU ch (B16)"]
[Site "Vilnius"]
[Date "2016.03.20"]
[Round "4.4"]
[White "Vasiliauskas, Nerijus"]
[Black "Vasiliauskas, Domas"]
[Result "1/2-1/2"]
[WhiteElo "1796"]
[BlackElo "1745"]
[PlyCount "39"]
[EventDate "2016.03.18"]

1. d4 Nf6 2. g3 g6 3. Bg2 Bg7 4. e4 d6 5. Nc3 O-O 6. Nge2 e5 7. h3 Nc6 8. Be3
a6 9. O-O Rb8 10. f4 exd4 11. Nxd4 Nxd4 12. Bxd4 b5 13. g4 c5 14. Bf2 b4 15.
Ne2 Qc7 16. Qd2 Bb7 17. Ng3 Rfe8 18. Rfe1 Rbd8 19. Rad1 h6 20. Bf3 1/2-1/2

[Event "LTU ch (B16)"]
[Site "Vilnius"]
[Date "2016.03.20"]
[Round "4.5"]
[White "Pluta, Paulius"]
[Black "Samuolis, Mantas"]
[Result "1/2-1/2"]
[WhiteElo "1702"]
[BlackElo "1785"]
[PlyCount "46"]
[EventDate "2016.03.18"]

1. e4 c5 2. c3 d5 3. exd5 Qxd5 4. d4 Nf6 5. Nf3 Bg4 6. Be2 e6 7. h3 Bh5 8. O-O
cxd4 9. cxd4 Nc6 10. Nc3 Qa5 11. a3 Be7 12. Bf4 O-O 13. Qb3 Bxf3 14. Bxf3 Nxd4
15. Qxb7 Qf5 16. Bd1 Qxf4 17. Qxe7 Rfe8 18. Qc5 Qd2 19. Nb5 Nxb5 20. Qxb5 Rab8
21. Qc5 Qxb2 22. Bf3 Qb7 23. Rfc1 h6 1/2-1/2